000 00667nam a2200217 a 4500
005 20240228063844.0
008 031015s1999 mx r 000 0 spa d
020 _a9684940892
035 _aUPN01000130187
049 _aI
050 4 _aPZ71
_bV5.4
100 1 _aVitale, Ida
245 1 3 _aUn invierno equivocado /
_cIda Vitale ; il. Isabel Pin.
260 _aMéxico :
_bCIDCLI :
_bCNCA, Dirección General de Publicaciones,
_c1999.
300 _a22 p. :
_bprincipalmente il. col.
440 0 _aEnCuento
650 4 _aCuentos infantiles
_96744
650 4 _aLibros y lectura para niños
_92290
700 1 _aPin, Isabel,
_d1975-
_eil.
_935955
905 _aInfantil
999 _c102344
_d102344